000 00413nam a2200157Ia 4500
008 210716s2012 xx 000 0 und d
020 _a9780198084938
041 _aeng
082 _a333.72 BARP
100 _aBardhan, Pranab.
245 _aAwakening giants: feet of clay.
_bFeet of clay.
250 _a1
260 _aNew Delhi
_bOxford University Press
_c2012
300 _a176
650 _aGeneral Knowledge
999 _c208765
_d208765